00584nam a22001937a 450000500170000001000130001702000210003003500130005103700160006404000120008008200170009210000240010924500600013326000430019327000770023630000240031365000160033765000370035320170124110005.0 aA-584851 c75.00a818529500 aA-584851 bCen Lib/Ret aDPLbEN a342.083bVEN aVenkatramaiah, E.S. aCitizenship - rights and dutiescby E.S. Venkataramiah  aBanglore bB.V. Naga Publishers c1988 bBanglore a27, serpentine road, kumara park park west extention e560020 axvi, 95p.c21cm(Hb) aCitizenship aCitizens and fundamental rights